|
|
|
|
| LEADER |
00925nab a2200229 i 4500 |
| 001 |
publ24913 |
| 005 |
20220819141802.0 |
| 008 |
220819s2022 hu o 0|| Magyar d |
| 022 |
|
|
|a 1215-5233
|
| 024 |
7 |
|
|a 10.14232/ISKKULT.2022.5.46
|2 doi
|
| 024 |
7 |
|
|a 32916689
|2 mtmt
|
| 040 |
|
|
|a SZTE Publicatio Repozitórium
|b hun
|
| 041 |
|
|
|a Magyar
|
| 100 |
1 |
|
|a Kóródi Kitti
|
| 245 |
1 |
2 |
|a A Tanulmányi Reziliencia Kérdőív magyar változatának adaptálása általános és középiskolás mintán
|h [elektronikus dokumentum] /
|c Kóródi Kitti
|
| 260 |
|
|
|c 2022
|
| 300 |
|
|
|a 46-56
|
| 490 |
0 |
|
|a ISKOLAKULTÚRA: PEDAGÓGUSOK SZAKMAI-TUDOMÁNYOS FOLYÓIRATA
|v 32 No. 5
|
| 650 |
|
4 |
|a Általános oktatás (benne képzés, pedagógia, didaktika)
|
| 700 |
0 |
1 |
|a Szabó Éva
|e aut
|
| 700 |
0 |
1 |
|a Jagodics Balázs
|e aut
|
| 856 |
4 |
0 |
|u http://publicatio.bibl.u-szeged.hu/24913/1/korodi_jagodics_szabo_tanulmanyi_reziliencia.pdf
|z Dokumentum-elérés
|